Rondel de rimas para niños y niñas (Registro nro. 166595)

Detalles MARC
000 -ENCABEZADO
Número de control [NR] 00936 a2200241 4500
008 - DE LONGITUD FIJA DE DATOS DE ELEMENTOS - INFORMACIÓN GENERAL
Elementos de longitud fija [NR] 130821s2013 ck a gr spa
020 ## - NUMERO INTERNACIONAL NORMALIZADO PARA LIBROS [R]
Número Internacional Normalizado del libro [NR] 9789583041310
040 ## - FUENTE DE CATALOGACION [NR]
Agencia de catalogación original [NR] CO-BoUCM
Idioma de catalogación [NR] Español
Quien Cataloga
Quien Clasifica Aldemar Mondragón
041 00 - CODIGO DE IDIOMA [R]
Código de idioma para texto/pista de sonido o título separado [R] Español
082 04 - NUMERO DE CLASIFICACION DECIMAL DEWEY [R]
Número de la edición [NR] 20
Número de clasificación [R] 869.42
100 ## - ASIENTO PRINCIPAL--NOMBRE PERSONAL [NR]
Nombre personal [NR] Ribeiro, João Manuel
ID Autoridad 37086
245 10 - MENCION DE TITULO [NR]
Título [NR] Rondel de rimas para niños y niñas
Mención de responsabilidad, etc. [NR] João Manuel Ribeiro ; ilustraciones de Anabela Diaz ; traducción de Irene Vasco
260 ## - PUBLICACION, DISTRIBUCION, ETC. (PIE DE IMPRENTA) [R]
Lugar de publicación, distribución, etc. [R] Bogotá (Colombia)
Nombre del editor, distribuidor, etc. [R] Panamericana
Fecha de publicación, distribución, etc. [R] 2013
300 ## - DESCRIPCION FISICA [R]
Extensión [R] 28 páginas
Otros detalles físicos [NR] ilustraciones
650 #7 - ASIENTO SECUNDARIO DE MATERIA - TERMINO TEMATICO [R]
Término temático o nombre geográfico como elemento de entrada [NR] Literatura infantil
9 (RLIN) 18680
650 #7 - ASIENTO SECUNDARIO DE MATERIA - TERMINO TEMATICO [R]
Término temático o nombre geográfico como elemento de entrada [NR] Literatura portuguesa
9 (RLIN) 18728
650 #7 - ASIENTO SECUNDARIO DE MATERIA - TERMINO TEMATICO [R]
Término temático o nombre geográfico como elemento de entrada [NR] Poesía infantil portuguesa
9 (RLIN) 37087
690 ## - ASUNTO AGREGADO LOCAL DE ENTRADA - TÉRMINO TEMÁTICO (OCLC, RLIN)
Acceso temático local Literatura europea
700 1# - ASIENTO SECUNDARIO - NOMBRE PERSONAL [R]
Nombre personal [NR] Dias, Anabela
Término de relación [R] ilustrador
9 (RLIN) 37403
700 1# - ASIENTO SECUNDARIO - NOMBRE PERSONAL [R]
Nombre personal [NR] Vasco, Irene
Término de relación [R] traductor
9 (RLIN) 37404
765 ## - ASIENTO DE IDIOMA ORIGINAL [R]
Título [NR] Rondel de rimas para meninos e meninas
942 ## - ELEMENTOS DE ENTRADA AGREGADOS (KOHA)
Tipo de ítem principal el descrito en 300a Libro
Tema principal Literatura
Edición 1
Parte restante de la signatura top. R484r
Sistema de clasificación DEWEY
Clasificación 869.42
Título oculto en OPAC No
Existencias
Suprimido Perdido Sistema de clasificación Dañado No prestable Tipo de ítem específico Ubicación habitual Ubicación actual Localización Fecha de creación Proveedor Forma de adquisición Costo Total préstamos Total Renewals Signatura topográfica Código de barras Última vez visto Fecha de último préstamo Ejemplar Costo de reposición Price effective from Tipo de ítem Nota pública (OPAC)
    DEWEY     Libro Quinta de Mutis Quinta de Mutis Mezanecs 06/05/2013 12 Donación 0.00 11 9 869.42 R484r 200023629 11/12/2025 31/08/2018 Ej.1 26000.00 06/05/2013 Libro Spot Literatura Infantil